| 000 | 00677nam a22002057a 4500 | ||
|---|---|---|---|
| 999 |
_c14460 _d14460 |
||
| 003 | AR-CdUCM | ||
| 008 | 190423b ||||| |||| 00| 0 spa d | ||
| 020 | _a978-607-618-264-2 | ||
| 040 |
_aMUNICIPALIDAD PROVINCIAL DEL CUSCO _cBIBLIOTECA MUNICIPAL DEL CUSCO |
||
| 041 | _heng | ||
| 082 |
_aPI / 376.1 / _bB73 |
||
| 110 |
_aBookworks _933254 |
||
| 245 | _aEl océano a contar bajo el mar / | ||
| 260 |
_aMéxico : _bSilver dolphin, _c2014. |
||
| 300 |
_a6 páginas ; _bIlustraciones, _c28 cm. _e4 piezas de foamy, |
||
| 650 |
_aCuentos infantiles _93927 |
||
| 700 |
_aTorre Fernández, Adriana De La (traducción) _933255 |
||
| 942 |
_2ddc _cLIBROS |
||
| 945 |
_aacv _d2019-04-23 |
||